| 000 | 01570nam a2200337 a 4500 | ||
|---|---|---|---|
| 003 | BLK | ||
| 005 | 20250724121324.0 | ||
| 008 | 200925b bu |||||r|||| 00| | bu d | ||
| 020 | _a9786197386820 | ||
| 040 | _aBLK | ||
| 041 |
_aBUL _cBUL |
||
| 080 |
_aАнглийска литература _b821.111 _z821.111-93-34 |
||
| 080 |
_aИздания за деца и юноши. Книжки-картинки. Читанки. Вж и 372.4 _b087.5 _z087.5 |
||
| 100 |
_aМаклейн, Джеймс _eпърви автор _9467375 |
||
| 139 |
_aМаклейн, Джеймс _bМ 19 |
||
| 245 |
_aМис Моли и училището по добри маниери _cДжеймс Маклейн ; ил. Роузи Рийв ; прев. Миряна Илчева |
||
| 260 |
_9216689 _aСофия _bКлевър Бук _c2021 _n978-954-9749- |
||
| 300 |
_a32 с. : с цв. ил. _c25 см |
||
| 380 | _aDX | ||
| 490 |
_9489775 _aМис Моли |
||
| 500 | _aОриг. загл., установено от доп. източник: Miss Molly's school of manners / James Maclaine На кор. погрешно отпеч. име на авт. Зана Дейвидсън Кн. от поредицата Мис Моли | ||
| 700 |
_aИлчева, Миряна Иличова _eпрев. _9347870 |
||
| 700 |
_9486398 _aРийв, Роузи _eил. |
||
| 852 |
_aЦб 316350 _bЦб |
||
| 856 |
_i0.00 _ldisable |
||
| 942 |
_cKNG _n0 _s1 _013 |
||
| 944 |
_aCR _c2023-03-16 _k30564 _lАнна Гръцманова |
||
| 999 |
_c489046 _d489046 |
||
| 999 | _d489046 | ||
| 999 | _d489046 | ||
| 999 | _d489045 | ||